| 000 | 00396nam a2200145Ia 4500 | ||
|---|---|---|---|
| 008 | 211109s9999||||xx |||||||||||||| ||und|| | ||
| 082 |
_a111 _bCAT-C |
||
| 100 | _aCatalano, Joseph S | ||
| 245 | 0 | _aCommentary on Sartre`s Being and Nothingness | |
| 260 |
_bCo-Operative Store _aBill No 749 _c1974 |
||
| 300 | _a239p. | ||
| 630 | _xGeneral Stack | ||
| 650 |
_aPhilosophy _vGeneralia |
||
| 942 | _cBOOK | ||
| 999 |
_c67146 _d67146 |
||